Jeux vidéo de la série The Legend of Zelda - Statistiques

Statistiques générales
  • Ce quiz a été pris 21 708 fois
    9 637 depuis la dernière actualisation
  • Le résultat moyen est 12 sur 20
Statistiques - réponses
Années Console Jeux % Correct
2017 Wii U/Switch Breath of the Wild
91%
1998 N64 Ocarina of time
86%
2023 Switch Tears of the Kingdom
86%
1986 NES The Legend of Zelda
85%
2000 N64 Majora's Mask
80%
2006 GC/Wii Twilight Princess
78%
1987 NES The Adventure of Link
66%
2011 Wii Skyward Sword
62%
2003 GC The Wind Waker
61%
1991 SNES A Link to the Past
59%
1993 Game Boy Link's Awakening
56%
2007 NDS Phantom Hourglass
50%
2004 GBA The Minish Cap
46%
2009 NDS Spirit Tracks
45%
2024 Switch Echoes of Wisdom
42%
2013 3DS A Link Between Worlds
40%
2001 GBC Oracle of Seasons
39%
2004 GC Four Swords Adventures
37%
2001 GBC Oracle of Ages
37%
2015 3DS Tri Force Heroes
36%
Aucun quiz correspondant
Distribution des résultats
% des personnes avec chaque résultat
Percentile par nombre de réponses
Votre historique - résultats
Vous n’avez pas pris ce quiz depuis la dernière actualisation